Functional fluids for industry, transportation, and aerospace /

Bibliographic Details
Other Authors: Ranney, Maurice William, 1934-
Format: Book
Language:English
Published: Park Ridge, N.J. : Noyes Data Corp., 1980.
Series:Chemical technology review ; no. 155.
Subjects:

MARC

Tag First Indicator Second Indicator Subfields
LEADER 00000pam a2200000 a 4500
001 in00000079803
005 20151008054015.0
008 800123s1980 njua 00100 engm
010 |a  80010550  
020 |a 0815507895 :  |c $45.00 
035 |a (OCoLC)06016138 
035 |9 AAH9338AM 
040 |a DLC  |c DLC  |d m.c.  |d TXA  |d UtOrBLW 
049 |a TXAM  |c [932789] 
050 0 0 |a TJ844  |b .F86 
082 0 |a 621.2/02/72 
245 0 0 |a Functional fluids for industry, transportation, and aerospace /  |c edited by M. William Ranney. 
264 1 |a Park Ridge, N.J. :  |b Noyes Data Corp.,  |c 1980. 
300 |a xii, 364 pages :  |b illustrations ;  |c 24 cm. 
336 |a text  |b txt  |2 rdacontent 
337 |a unmediated  |b n  |2 rdamedia 
338 |a volume  |b nc  |2 rdacarrier 
490 1 |a Chemical technology review ;  |v no. 155 
500 |a Includes indexes. 
650 0 |a Hydraulic fluids  |x Patents. 
700 1 |a Ranney, Maurice William,  |d 1934- 
830 0 |a Chemical technology review ;  |v no. 155. 
999 |a MARS 
999 f f |s 6b6584a4-5db7-3412-b6ef-f212c72defd0  |i dcb2b2bf-d01c-3b10-9bf7-db20393fa539  |t 0 
952 f f |p ric  |a Texas A&M University  |b Rellis Campus  |c Joint Library Facility  |d Remote Storage  |t 0  |e TJ844 .F86  |h Library of Congress classification  |i unmediated -- volume  |m A14806249900 
998 f f |a TJ844 .F86  |t 0  |l Remote Storage